Машинная обработка информации: республиканский межведомственный научный сборник

Podrobná bibliografie
Předchozí název:Механизация учета и вычислительных работ
Korporativní autor: Киевский институт народного хозяйства
Shrnutí:До 16 вып. назв. "Механизация учета и вычислительных работ".
Jazyk:ruština
Vydáno: Киев, Выща школа, 1965-1992
Médium: MixedMaterials Seriál
KOHA link:https://koha.lib.tpu.ru/cgi-bin/koha/opac-detail.pl?biblionumber=155544

MARC

LEADER 00000nas1a2200000 4500
001 155544
005 20231101221838.0
011 |a 0130-9455 
035 |a (RuTPU)RU\TPU\book\168722 
090 |a 155544 
100 |a 20090317b19731992k y0rusy50 ca 
101 0 |a rus 
102 |a UA 
110 |a zyuzz 0uu0 
200 1 |a Машинная обработка информации  |e республиканский межведомственный научный сборник  |f Киевский институт народного хозяйства 
210 |a Киев  |c Выща школа  |d 1965-1992 
300 |a До 16 вып. назв. "Механизация учета и вычислительных работ". 
305 |a Основан в 1965 г. 
430 |t Механизация учета и вычислительных работ 
712 0 2 |a Киевский институт народного хозяйства  |2 stltpush  |3 (RuTPU)RU\TPU\col\12484  |9 25428 
801 1 |a RU  |b 63413507  |c 20090317  |g PSBO 
801 2 |a RU  |b 63413507  |c 20231010  |g PSBO 
942 |c CR